Účtovné a daňové aspekty automobilu v podnikaní

V súčasnosti existuje viacero spôsobov obstarania automobilu, ktorý bude používaný na podnikanie. Každý spôsob má svoje špecifiká, ktoré sa prejavujú v pôsobení na finančnú situáciu účtovnej jednotky, napr. odčerpaním vysokej sumy peňažných prostriedkov na nákup automobilu, čo môže mať vplyv na likv...

Ausführliche Beschreibung

Gespeichert in:
Bibliographische Detailangaben
1. Verfasser: Dubielová, Veronika
Format: Buchkapitel
Sprache:Slowakisch
Schlagworte:
Tags: Tag hinzufügen
Keine Tags, Fügen Sie das erste Tag hinzu!

MARC

LEADER 00000naa a2200000 4500
001 0133921
005 20240502072514.0
041 0 |a slo 
044 |a SK 
245 1 0 |a Účtovné a daňové aspekty automobilu v podnikaní  |c Veronika Dubielová 
520 |a V súčasnosti existuje viacero spôsobov obstarania automobilu, ktorý bude používaný na podnikanie. Každý spôsob má svoje špecifiká, ktoré sa prejavujú v pôsobení na finančnú situáciu účtovnej jednotky, napr. odčerpaním vysokej sumy peňažných prostriedkov na nákup automobilu, čo môže mať vplyv na likviditu podniku, ako aj vo vplyv na účtovníctvo a na možnosť uplatňovania výdavkov súvisiacich s obstaraním a odpisovaním automobilu do daňových výdavkov. 
610 2 0 |a podnikanie 
610 2 0 |a automobily 
610 2 0 |a zdaňovanie 
610 2 0 |a účtovníctvo podvojné 
100 1 |a Dubielová, Veronika